000 00427nam a2200181Ia 4500
001 25149
005 20260414151130.0
008 260414t2019||||xx |||||||||||||| ||spa||
041 _aESP
082 _a346.22
_bJ24
100 _aJarrín de Peñaloza, Luz
_eAUT
245 0 _aDerecho de alimentos
_b
260 _c2019
300 _a133 páginas :
_c24 cm.
650 _aDER
654 _aCDE
942 _cLIB
_dJUS
_fJUS
_2ddc
_n
999 _c25149
_d25149